003430000a220012100045000410008000000820018000081000010000262450033000362600027000693000011000965050108001070010006002150 aSPA04aE 378.861 I151 aICFES10aEducación superior / ICFES aBogotá : ICFES, 1995 a239 p.00aCompendio de Normas : constitución nacional, leyes de la republica, decretos, resoluciones y acuerdos17568